Fungal diseases and their management in horticulture crops / (Record no. 51148)

MARC details
000 -LEADER
fixed length control field 00733nam a2200253Ia 4500
005 - DATE AND TIME OF LATEST TRANSACTION
control field 20260429111843.0
008 - FIXED-LENGTH DATA ELEMENTS--GENERAL INFORMATION
fixed length control field 260429s9999||||xx |||||||||||||| ||und||
020 ## - INTERNATIONAL STANDARD BOOK NUMBER
International Standard Book Number 9789358992090
041 ## - LANGUAGE CODE
Language English
082 ## - DEWEY DECIMAL CLASSIFICATION NUMBER
Classification number 632.3
Item number KHA
100 ## - MAIN ENTRY--PERSONAL NAME
Personal name Khatoon, Halima
245 #0 - TITLE STATEMENT
Title Fungal diseases and their management in horticulture crops /
Statement of responsibility, etc Halima Khatoon
250 ## - EDITION STATEMENT
Edition statement 1st ed.
260 ## - PUBLICATION, DISTRIBUTION, ETC. (IMPRINT)
Place of publication, distribution, etc New Delhi :
Name of publisher, distributor, etc Elite Publishing House,
Date of publication, distribution, etc 2025.
300 ## - PHYSICAL DESCRIPTION
Extent vii, 318 p.; hb
650 ## - SUBJECT ADDED ENTRY--TOPICAL TERM
Topical term or geographic name as entry element Crop management
650 ## - SUBJECT ADDED ENTRY--TOPICAL TERM
Topical term or geographic name as entry element Fungal diseases
650 ## - SUBJECT ADDED ENTRY--TOPICAL TERM
Topical term or geographic name as entry element Agriculture
700 ## - ADDED ENTRY--PERSONAL NAME
Personal name Chavan, Dharmappa D
700 ## - ADDED ENTRY--PERSONAL NAME
Personal name Daniel, Gurumayum Robert
700 ## - ADDED ENTRY--PERSONAL NAME
Personal name Devi, Nongthombam Olivia
700 ## - ADDED ENTRY--PERSONAL NAME
Personal name Sathiyaseelan, Kumar
942 ## - ADDED ENTRY ELEMENTS (KOHA)
Koha item type Text Books
Holdings
Withdrawn status Lost status Damaged status Not for loan Collection code Home library Location Shelving location Date of Cataloging Source of acquisition Total Checkouts Full call number Barcode Date last seen Price effective from Koha item type
        Non-fiction CUTN Central Library CUTN Central Library Medicine, Technology & Management 29/04/2026 Prashant Book Agency, New Delhi - Invoice No. 536 on 09-02-2026   632.3 KHA 56003 29/04/2026 29/04/2026 Text Books